zpět

Detail výsledku týmu

Nová Sportovka, Liberec

Datum a čas kvízu

12.5 Celkem bodů Celkový počet nahraných bodů na tomto kvízu bez doplňovacích otázek.
8. Pořadí na kvízu Konečné umístění týmu na tomto kvízu.

Zaznamenané odpovědi

# Otázka Odpověď Body Výsledky
1. Jak se jmenuje hejtman, který... Jan Krkoška, Moravskoslezský kraj 0
2. Ve středu byl zveřejněn žebříč... Finsko 0
3. Jak se nazývá známé pražské di... Ypsilon 0
4. Týmu lékařů z nemocnice v amer... o ledvině 1
5. V pondělí byla představena kol... z (křišťálového) skla 0
6. Toto literární téma vyhrálo mi... Malý princ 0
7. Děj knihy se odehrává během tř... Kdo chytá v žitě, J. D. Salinger 0
8. Přiřaďte klasická díla ruské l... 1A 2C 3B 4D 0
9. Mezi nejčtenější knihy světa s... A 0
10. Na závěr se zaměříme na novějš... Dívka ve vlaku 0